| 000 | 00464nam a2200181Ia 4500 | ||
|---|---|---|---|
| 001 | 8849 | ||
| 005 | 20260306160640.0 | ||
| 008 | 260306t1970||||xx |||||||||||||| ||spa|| | ||
| 041 | _aESP | ||
| 082 |
_a371.42 _bB61 |
||
| 100 |
_aBlanco García, Yolanda, _eAUT |
||
| 245 | 0 |
_aPrácticas de orientación vocacional : _bcuaderno para el alumno |
|
| 260 | _c1970 | ||
| 300 |
_a134 páginas : _c27 cm. |
||
| 650 | _aGEN | ||
| 654 | _aCED | ||
| 942 |
_cLIB _dJUS _fJUS _2ddc _n |
||
| 999 |
_c8849 _d8849 |
||